000 00407pab a2200169 454500
008 180718b2009 xxu||||| |||| 00| 0 eng d
100 _aShnmugam, V.
245 _aBiofuels - breaking the myth of indestructible energy?
260 _c2009
300 _ap.173-89.
362 _aApr-Jun
650 _aRenewable energy sources
650 _aBiofules
773 _aMargin
908 _aN
909 _a83145
999 _c83145
_d83145